000 01308nam a2200253Ia 4500
003 OSt
005 20210414133130.0
008 210310s1967 sp ado gr 000 0 spa d
040 _aCO-JMCR
_cCO-JMCR
041 _aspa
082 0 4 _a334 /
_bT454g
_223
100 1 _a Thomas, E.H.,
_eautor
_925610
245 1 0 _aGestión de las cooperativas /
_cE. H. Thomas ; traducción del francés por José Luis Arco Álvarez
250 _aSegunda edición
260 _aMadrid :
_bAguilar,
_c1967
300 _axviii, 298 páginas :
_bilustraciones, graficas y fotografías en blanco y negro ;
_c22 cm.
500 _aIncluye índices de ilustraciones y gráficas.
504 _aBibliografía : páginas 295.
505 0 _aCómo analizar los problemas de gestión de vuestra cooperativa. -- Estructura de la cooperativa. -- Los problemas de producción y elaboración. -- Los problemas comerciales: vender, comprar, servir, almacenar. -- Problemas financieros y contables. -- Los problemas administrativos. -- Los problemas humanos. -- Dinámica de la gestión. -- Misión de los dirigentes de las cooperativas.
650 1 4 _aGestión en cooperativas
_925612
650 2 4 _aProblemas en las gestión en cooperativas
_936824
700 1 _aArco Álvarez, José Luis del,
_etraductor
_936825
942 _2ddc
_cBK
999 _c11470
_d11470